Регионална библиотека "Любен Каравелов" - Русе

Нощ в Лисабон (Запис номер 392542)

MARC детайли
000 -Лидер
Контролно поле с фиксирана дължина 01251nam a2200289 a 4500
003 - Код на организацията, давaща контролен номер
Контролно поле BLK
005 - Дата и час на последна редакция
Контролно поле 20250318134915.0
008 - Елементи от данни с фиксирана дължина
fixed length control field 201218b bu ||||| |||| 00| 0 bu d
020 ## - Международен стандартен номер на книга ISBN
Международен стандартен номер на книга ISBN 9786192180324
040 ## - Източник на каталожния запис
Идентификатор на билиотеката - собственик на записа BLK
041 ## - Код за език
Код за езика на текст/звукозапис или на отделно заглавие Български
Код за езика КДБФ Български
080 ## - УДК
Текстов определител УДК Немска литература
УДК код - определител по УДК 821.112.2
УДК определител -31
УДК - код + определител 821.112.2-31
100 1# - Редна дума - Автор
Автор Ремарк, Ерих Мария
Авторска отговорност първи автор
Автор - информация (биография) Ремарк, Ерих Паул
R(LIN) 257978
139 ## - Редно поле
Редна дума Ремарк, Ерих Мария
Авторски знак Рем - Р 51
245 10 - Сведения за заглавието
Заглавие Нощ в Лисабон
Подзаглавни данни Роман
Редно поле (дума) Ерих Мария Ремарк; прев. от нем. Донка Любенова Илинова.
257 ## - Страна на издаване
Страна на създаване/издаване Германия
260 ## - Област на издателските данни
Име на издателя, разпространителя и проч. Фама І
Година на издаване 2020
9 (RLIN) 221711
Място на издаване, разпространение и проч. София
Издателство - префикс ISBN 978-619-218-
300 ## - Физическа характеристика
Страници 240 с.
Размери/Мащаб 21 см
380 ## - Жанр
Жанр Худож. лит.
500 ## - Общи забележки
Забележка Ориг. загл. Die Nacht von Lissabon / Erich Maria Remarque. - 1. изд. 1981 в Библ. Океан на изд. Г. Бакалов - Варна. - Библиогр. каре 1989
700 1# - Други автори (авторска отговорност)
Лично име Илинова, Донка Любенова
Автороска отговорност (Описва отношението между автора и произведението) прев. от нем.
9 (RLIN) 368710
852 ## - Местоположение
Фондова буква Заемна - подръчен фонд
Систематично-азбучна сигнатура 821-31/Р 51 Е
856 4# - Електронен адрес и достъп
Електронен формат pdf - файл
856 4# - Електронен адрес и достъп
Електронен формат pdf - файл
999 ## - СИСТЕМНИ КОНТРОЛНИ НОМЕРА
Koha biblionumber 392542
Koha biblioitemnumber 392542
942 ## - АРТИКУЛИ
Вид на библиотечния материал Книги
Скрит в OPAC Не
Koha issues (borrowed), all copies 69
Периодичен библиозапис Да
944 ## - СЪЗДАВАНЕ И РЕДАКЦИЯ на ЗАПИСА
Създаване/Редакция Създаване
Дата на регистрацията/редакция 2020-12-18
Служител, извършил регистрацията/редакцията 30576
Статус, дата на статуса Цветомила Тодорова
Наличности
Код за отписване Код за изгубен артикул Източник на класификационната схема Код за повреда Коз за рестрикции Код за отдаване Артикулен № Име на библиотеката - собственик Име на библиотеката, в която се намира в момента Статус (Текущо местоположение) Дата на вписване в системата Местоположение - отдел Цена в лева Систематично азбучна сигнатура Баркод Цена в евро Служебен тип на артикула Инвентарен номер
  Не е изгубен Universal Decimal Classification Не е повреден без рестрикции заемане за дома 805987 Регионална библиотека "Любен Каравелов" Русе Регионална библиотека "Любен Каравелов" Русе Заемна - подръчен фонд 2021-01-02 Заемна - подръчен фонд 12.00 821-31/Р 51 Е 120000850329 6.14 Книги  
  Не е изгубен Universal Decimal Classification Не е повреден без рестрикции заемане за дома 830338 Регионална библиотека "Любен Каравелов" Русе Регионална библиотека "Любен Каравелов" Русе Заемна - подръчен фонд 2021-05-17 Заемна - подръчен фонд 12.80 821-31/Р 51 Е 120000855175 6.54 Книги  
  Не е изгубен Universal Decimal Classification Не е повреден без рестрикции заемане за дома 830339 Регионална библиотека "Любен Каравелов" Русе Регионална библиотека "Любен Каравелов" Русе Заемна - подръчен фонд 2021-05-17 Заемна - подръчен фонд 12.80 821-31/Р 51 Е 120000855177 6.54 Книги  
  Не е изгубен Universal Decimal Classification Не е повреден без рестрикции заемане за дома 830340 Регионална библиотека "Любен Каравелов" Русе Регионална библиотека "Любен Каравелов" Русе Заемна - подръчен фонд 2021-05-17 Заемна - подръчен фонд 12.80 821-31/Р 51 Е 120000855176 6.54 Книги  
  Не е изгубен Universal Decimal Classification Не е повреден само за читалня ползва се в читалня 928574 Регионална библиотека "Любен Каравелов" Русе Регионална библиотека "Любен Каравелов" Русе Хранилище 2023-05-12 Хранилище 16.00 Цб 317919 120000887726 8.18 Книги 120000887726
Vip Innovations Ltd, Rousse, Bulgaria 2025